000 01210nam a2200253Ia 4500
003 Ost
005 20260507075205.0
008 260507s9999||||xx |||||||||||||| ||und||
040 _cfsecg
041 _aara
082 _a330
100 _aخربوش، حسني علي
_eمؤلف
245 0 _aالأسواق المالية :
_bمفاهيم و تطبيقات /
_c حسني علي خربوش
260 _aعمان:
_bدار زهران,
_c2010
300 _a300 صفحة؛
_c24 سم
504 _aمراجع ص.295
520 _aالمفاهيم العامة للاسواق المالية ، الاوراق المالية المتداولة في أسواق النقد و في أسواق رأس المال ، تقييم الاسهم ، كفاءة الاسواق المالية ، الخيارات و العقود المستقبلية ، بورصات الاوراق المالية ، بعض الازمات المالية الدولية .
653 _aالاسهم
653 _aالأسواق المالية
653 _aالبنوك
700 _aارشيد،عبد المعطي رضا
_eمؤلف ثانوي
700 _aجودة، محفوظ احمد
_eمؤلف ثانوي
942 _cكتاب
999 _c43428
_d43428